000 00227nam a2200097Ia 4500
008 240331s9999 xx 000 0 und d
082 _bPUT
100 _aPon Vijayan. ed
245 0 _aPuthiya Nambikai :
_bIssue 41, 1991
942 _cL
999 _c4221
_d4221